[Event "V4Liptov2018"]
[Site "?"]
[Date "2018.06.24"]
[Round "3.20"]
[White "Kostelansky, Karol"]
[Black "Gresova, Zuzana"]
[Result "0-1"]
[BlackElo "1920"]
[WhiteElo "1607"]
[LiveChessVersion "1.4.8"]

1. e4 {[%clk 1:00:55]} c5 {[%clk 1:00:49]} 2. Nf3 {[%clk 1:01:20]} d6
{[%clk 1:00:56]} 3. d4 {[%clk 1:01:43]} cxd4 {[%clk 1:01:21]} 4. Qxd4
{[%clk 1:02:06]} Nc6 {[%clk 1:00:57]} 5. Bb5 {[%clk 1:02:14]} Bd7
{[%clk 1:01:20]} 6. Bxc6 {[%clk 1:02:24]} Bxc6 {[%clk 1:01:42]} 7. c4
{[%clk 1:02:48]} f5 {[%clk 1:01:02]} 8. Nbd2 {[%clk 0:56:05]} e5 {[%clk 1:00:11]}
9. Qd3 {[%clk 0:51:25]} fxe4 {[%clk 0:59:58]} 10. Nxe4 {[%clk 0:51:33]} Nf6
{[%clk 0:58:46]} 11. Nxf6+ {[%clk 0:43:52]} gxf6 {[%clk 0:56:12]} 12. Qf5
{[%clk 0:42:21]} Qd7 {[%clk 0:46:36]} 13. Qxf6 {[%clk 0:37:26]} Rg8
{[%clk 0:43:45]} 14. Ke2 {[%clk 0:18:08]} Be7 {[%clk 0:39:27]} 15. Qh6
{[%clk 0:18:07]} O-O-O {[%clk 0:39:04]} 16. Rd1 {[%clk 0:12:42]} Rxg2
{[%clk 0:27:12]} 17. Nxe5 {[%clk 0:10:51]} Qf5 {[%clk 0:25:44]} 18. Nxc6
{[%clk 0:09:35]} Rxf2+ {[%clk 0:22:18]} 19. Ke1 {[%clk 0:08:09]} Rf1+
{[%clk 0:18:18]} 20. Kd2 {[%clk 0:08:38]} Qf2+ {[%clk 0:12:12]} 21. Kc3
{[%clk 0:07:57]} Bf6+ {[%clk 0:11:56]} 22. Kb3 {[%clk 0:07:53]} Rxd1
{[%clk 0:09:27]} 23. Nxd8 {[%clk 0:06:13]} Rd3+ {[%clk 0:06:22]} 24. Ka4
{[%clk 0:05:48]} b5+ {[%clk 0:05:13]} 25. Kxb5 {[%clk 0:04:44]} Qc5+
{[%clk 0:05:14]} 26. Ka6 {[%clk 0:04:31]} Qb6# {[%clk 0:05:14]} 0-1

[Event "V4Liptov2018"]
[Site "?"]
[Date "2018.06.24"]
[Round "3.21"]
[White "Lengyel, Andrea"]
[Black "Chwistek, Karel"]
[Result "0-1"]
[BlackElo "2045"]
[WhiteElo "1938"]
[LiveChessVersion "1.4.8"]

1. d4 {[%clk 1:00:58]} Nf6 {[%clk 1:00:54]} 2. c4 {[%clk 1:01:24]} g6
{[%clk 1:01:15]} 3. f3 {[%clk 1:01:51]} Bg7 {[%clk 1:01:38]} 4. e4
{[%clk 1:02:18]} d6 {[%clk 1:01:58]} 5. Nc3 {[%clk 1:02:45]} O-O {[%clk 1:02:18]}
6. Be3 {[%clk 1:03:13]} e5 {[%clk 1:02:28]} 7. Nge2 {[%clk 1:02:28]} a6
{[%clk 0:56:09]} 8. d5 {[%clk 1:00:59]} Bd7 {[%clk 0:49:26]} 9. a4
{[%clk 1:00:24]} a5 {[%clk 0:46:29]} 10. g4 {[%clk 0:59:35]} Na6 {[%clk 0:44:36]}
11. Ng3 {[%clk 0:57:20]} Nb4 {[%clk 0:44:02]} 12. Be2 {[%clk 0:56:05]} c6
{[%clk 0:40:50]} 13. h4 {[%clk 0:55:10]} cxd5 {[%clk 0:41:13]} 14. cxd5
{[%clk 0:55:18]} h5 {[%clk 0:37:39]} 15. gxh5 {[%clk 0:52:27]} Nxh5
{[%clk 0:38:01]} 16. Nxh5 {[%clk 0:52:16]} gxh5 {[%clk 0:38:26]} 17. Rg1
{[%clk 0:35:08]} f5 {[%clk 0:31:30]} 18. Bh6 {[%clk 0:32:46]} Qxh4+
{[%clk 0:29:23]} 19. Kd2 {[%clk 0:32:51]} Rf7 {[%clk 0:28:26]} 20. f4
{[%clk 0:18:30]} Kh7 {[%clk 0:20:04]} 21. Bg5 {[%clk 0:15:40]} Qf2
{[%clk 0:20:27]} 22. Rh1 {[%clk 0:13:33]} exf4 {[%clk 0:19:58]} 23. Qg1
{[%clk 0:13:33]} Qe3+ {[%clk 0:17:16]} 24. Qxe3 {[%clk 0:12:52]} fxe3+
{[%clk 0:17:41]} 25. Kd1 {[%clk 0:12:39]} Kg8 {[%clk 0:13:52]} 26. Bxh5
{[%clk 0:12:47]} Rff8 {[%clk 0:13:23]} 27. Be7 {[%clk 0:11:55]} f4
{[%clk 0:12:36]} 28. Ke2 {[%clk 0:08:00]} Be8 {[%clk 0:08:22]} 29. Bxf8
{[%clk 0:07:56]} Bxh5+ {[%clk 0:08:41]} 30. Rxh5 {[%clk 0:08:17]} Rxf8
{[%clk 0:09:05]} 31. Rf5 {[%clk 0:08:15]} Rxf5 {[%clk 0:08:49]} 32. exf5
{[%clk 0:08:44]} Kf7 {[%clk 0:08:11]} 33. Rd1 {[%clk 0:08:14]} Be5
{[%clk 0:08:15]} 34. Kf3 {[%clk 0:07:41]} Nc2 {[%clk 0:07:46]} 35. Ne2
{[%clk 0:07:21]} Kf6 {[%clk 0:07:12]} 36. Ke4 {[%clk 0:04:36]} b6
{[%clk 0:07:00]} 37. b3 {[%clk 0:03:40]} Nb4 {[%clk 0:06:44]} 38. Re1
{[%clk 0:03:26]} Na6 {[%clk 0:05:19]} 39. Nxf4 {[%clk 0:03:05]} Nc5+
{[%clk 0:05:46]} 40. Kxe3 {[%clk 0:02:54]} Bxf4+ {[%clk 0:06:12]} 41. Kd4
{[%clk 0:02:51]} Nxb3+ {[%clk 0:03:54]} 42. Kc4 {[%clk 0:02:39]} Nc5
{[%clk 0:04:20]} 43. Kb5 {[%clk 0:02:35]} Kxf5 {[%clk 0:04:43]} 44. Kxb6
{[%clk 0:02:13]} Nxa4+ {[%clk 0:05:08]} 45. Kb5 {[%clk 0:01:40]} Nc5
{[%clk 0:05:21]} 46. Re2 {[%clk 0:01:14]} a4 {[%clk 0:05:45]} 47. Kc4
{[%clk 0:00:58]} a3 {[%clk 0:04:43]} 48. Re1 {[%clk 0:00:34]} Be5
{[%clk 0:04:57]} 49. Re2 {[%clk 0:00:44]} Bb2 {[%clk 0:05:13]} 50. Kb5
{[%clk 0:00:35]} a2 {[%clk 0:04:08]} 0-1

[Event "V4Liptov2018"]
[Site "?"]
[Date "2018.06.24"]
[Round "3.22"]
[White "Havel, Kristian"]
[Black "Zlotov, Viktor"]
[Result "1-0"]
[BlackElo "1630"]
[WhiteElo "1522"]
[LiveChessVersion "1.4.8"]

1. f4 {[%clk 1:00:55]} d5 {[%clk 1:00:23]} 2. Nf3 {[%clk 1:01:11]} Nf6
{[%clk 1:00:02]} 3. e3 {[%clk 1:01:31]} g6 {[%clk 0:59:18]} 4. c3
{[%clk 1:01:49]} Bg7 {[%clk 0:59:13]} 5. d4 {[%clk 1:02:09]} Ne4 {[%clk 0:58:15]}
6. Bd3 {[%clk 1:02:11]} f5 {[%clk 0:56:40]} 7. O-O {[%clk 1:02:08]} O-O
{[%clk 0:56:40]} 8. Ne5 {[%clk 1:00:38]} Bxe5 {[%clk 0:53:23]} 9. fxe5
{[%clk 1:00:44]} b6 {[%clk 0:52:18]} 10. Nd2 {[%clk 0:55:02]} e6 {[%clk 0:47:57]}
11. Nxe4 {[%clk 0:51:45]} fxe4 {[%clk 0:48:12]} 12. Be2 {[%clk 0:52:03]} Nc6
{[%clk 0:45:41]} 13. b3 {[%clk 0:51:44]} Ne7 {[%clk 0:43:18]} 14. Ba3
{[%clk 0:51:45]} Rxf1+ {[%clk 0:43:40]} 15. Qxf1 {[%clk 0:52:03]} Nf5
{[%clk 0:43:19]} 16. Qf4 {[%clk 0:50:11]} a5 {[%clk 0:38:32]} 17. g4
{[%clk 0:39:06]} g5 {[%clk 0:36:34]} 18. Qf2 {[%clk 0:38:21]} Nh4
{[%clk 0:35:37]} 19. Rf1 {[%clk 0:38:26]} Ba6 {[%clk 0:28:44]} 20. Qf7+
{[%clk 0:38:38]} Kh8 {[%clk 0:29:08]} 21. Be7 {[%clk 0:39:00]} Qxe7
{[%clk 0:26:48]} 22. Qxe7 {[%clk 0:39:16]} 1-0

[Event "V4Liptov2018"]
[Site "?"]
[Date "2018.06.24"]
[Round "3.23"]
[White "Grimm, Balazs"]
[Black "Gemsova, Tereza"]
[Result "1-0"]
[BlackElo "1578"]
[WhiteElo "1731"]
[LiveChessVersion "1.4.8"]

1. e4 {[%clk 1:00:58]} e5 {[%clk 1:00:49]} 2. Nc3 {[%clk 1:01:23]} Bc5
{[%clk 0:59:46]} 3. Nf3 {[%clk 1:01:21]} Nc6 {[%clk 0:58:40]} 4. Bc4
{[%clk 1:01:16]} d6 {[%clk 0:57:54]} 5. d3 {[%clk 1:00:36]} h6 {[%clk 0:55:26]}
6. h3 {[%clk 0:57:14]} Be6 {[%clk 0:50:59]} 7. Bb5 {[%clk 0:56:04]} a6
{[%clk 0:49:45]} 8. Ba4 {[%clk 0:55:50]} b5 {[%clk 0:46:53]} 9. Bb3
{[%clk 0:56:15]} Nd4 {[%clk 0:44:59]} 10. Nxd4 {[%clk 0:56:06]} Bxd4
{[%clk 0:41:04]} 11. Be3 {[%clk 0:56:16]} Bxe3 {[%clk 0:38:56]} 12. fxe3
{[%clk 0:56:41]} Qh4+ {[%clk 0:39:10]} 13. Kd2 {[%clk 0:56:48]} Bxb3
{[%clk 0:33:44]} 14. axb3 {[%clk 0:57:13]} b4 {[%clk 0:33:36]} 15. Nd5
{[%clk 0:57:37]} Kd7 {[%clk 0:29:54]} 16. Nxb4 {[%clk 0:57:42]} a5
{[%clk 0:29:19]} 17. Nd5 {[%clk 0:58:06]} Ne7 {[%clk 0:26:44]} 18. Qf3
{[%clk 0:57:31]} Nxd5 {[%clk 0:24:44]} 19. exd5 {[%clk 0:57:52]} Rhf8
{[%clk 0:24:22]} 20. Ra4 {[%clk 0:57:25]} Qf6 {[%clk 0:23:05]} 21. Rf1
{[%clk 0:57:26]} Qd8 {[%clk 0:20:25]} 22. Qg4+ {[%clk 0:56:11]} Ke8
{[%clk 0:17:09]} 23. Qxg7 {[%clk 0:56:17]} Qg5 {[%clk 0:16:20]} 24. Qxg5
{[%clk 0:56:16]} hxg5 {[%clk 0:16:40]} 25. Rfa1 {[%clk 0:56:22]} Kd7
{[%clk 0:14:44]} 26. Rxa5 {[%clk 0:56:25]} Rac8 {[%clk 0:14:42]} 27. Rf1
{[%clk 0:56:28]} f5 {[%clk 0:14:24]} 28. Ke2 {[%clk 0:56:36]} Ke7
{[%clk 0:14:16]} 29. Ra4 {[%clk 0:55:56]} Kf6 {[%clk 0:13:19]} 30. g4
{[%clk 0:55:33]} f4 {[%clk 0:13:27]} 31. exf4 {[%clk 0:55:52]} gxf4
{[%clk 0:12:16]} 32. Kf3 {[%clk 0:55:46]} Rh8 {[%clk 0:11:20]} 33. Rh1
{[%clk 0:56:06]} Rh4 {[%clk 0:11:27]} 34. d4 {[%clk 0:56:08]} Re8
{[%clk 0:07:49]} 35. dxe5+ {[%clk 0:55:58]} dxe5 {[%clk 0:07:30]} 36. Ra6+
{[%clk 0:55:42]} Kg5 {[%clk 0:06:02]} 37. Re6 {[%clk 0:55:57]} Rxe6
{[%clk 0:05:52]} 38. dxe6 {[%clk 0:56:22]} Kf6 {[%clk 0:06:14]} 39. Ke4
{[%clk 0:56:39]} Kxe6 {[%clk 0:06:25]} 40. b4 {[%clk 0:57:00]} c6
{[%clk 0:06:09]} 41. b3 {[%clk 0:57:21]} Rh8 {[%clk 0:06:19]} 42. h4
{[%clk 0:57:47]} Rd8 {[%clk 0:06:17]} 43. c3 {[%clk 0:58:07]} Rf8
{[%clk 0:06:27]} 44. Rh3 {[%clk 0:58:24]} Rg8 {[%clk 0:05:34]} 45. h5
{[%clk 0:57:46]} Rxg4 {[%clk 0:05:14]} 46. h6 {[%clk 0:58:11]} Rg8
{[%clk 0:05:32]} 47. h7 {[%clk 0:58:37]} Rh8 {[%clk 0:05:38]} 48. Rh6+
{[%clk 0:59:03]} Kd7 {[%clk 0:05:19]} 49. Kxe5 {[%clk 0:59:22]} f3
{[%clk 0:05:27]} 50. Rf6 {[%clk 0:59:47]} Rxh7 {[%clk 0:05:36]} 51. Rxf3
{[%clk 1:00:11]} Re7+ {[%clk 0:05:44]} 52. Kd4 {[%clk 1:00:34]} Kd6
{[%clk 0:05:25]} 53. Rf6+ {[%clk 1:00:56]} 1-0

[Event "V4Liptov2018"]
[Site "?"]
[Date "2018.06.24"]
[Round "3.24"]
[White "Andel, Vit"]
[Black "Kovacs, Lilla"]
[Result "0-1"]
[BlackElo "1640"]
[WhiteElo "1520"]
[LiveChessVersion "1.4.8"]

1. e4 {[%clk 1:00:54]} c6 {[%clk 1:00:42]} 2. d4 {[%clk 1:00:59]} d5
{[%clk 1:01:07]} 3. e5 {[%clk 1:00:25]} Bf5 {[%clk 1:01:31]} 4. Bd3
{[%clk 0:58:49]} Bxd3 {[%clk 1:01:54]} 5. Qxd3 {[%clk 0:59:08]} e6
{[%clk 1:02:08]} 6. f4 {[%clk 0:57:29]} Nd7 {[%clk 0:58:58]} 7. Nf3
{[%clk 0:57:06]} h6 {[%clk 0:53:12]} 8. Be3 {[%clk 0:56:41]} Qb6 {[%clk 0:51:34]}
9. b3 {[%clk 0:54:04]} O-O-O {[%clk 0:42:59]} 10. Nbd2 {[%clk 0:52:03]} Ba3
{[%clk 0:36:00]} 11. c4 {[%clk 0:41:32]} Ne7 {[%clk 0:29:57]} 12. Kf2
{[%clk 0:30:38]} Nf5 {[%clk 0:25:11]} 13. Rab1 {[%clk 0:19:33]} Nxe3
{[%clk 0:22:29]} 14. Kxe3 {[%clk 0:16:42]} Qa5 {[%clk 0:17:39]} 15. Rhd1
{[%clk 0:13:55]} Bb4 {[%clk 0:12:51]} 16. c5 {[%clk 0:09:39]} Bxd2+
{[%clk 0:12:28]} 17. Nxd2 {[%clk 0:08:35]} Rde8 {[%clk 0:07:50]} 18. b4
{[%clk 0:08:21]} Qb5 {[%clk 0:07:28]} 19. Qb3 {[%clk 0:05:46]} Qa6
{[%clk 0:04:22]} 20. a4 {[%clk 0:05:02]} b5 {[%clk 0:03:11]} 21. Ra1
{[%clk 0:04:55]} Qb7 {[%clk 0:01:11]} 22. axb5 {[%clk 0:05:10]} cxb5
{[%clk 0:01:30]} 23. Ra5 {[%clk 0:05:13]} a6 {[%clk 0:01:35]} 24. Qa3
{[%clk 0:05:33]} Nb8 {[%clk 0:01:41]} 25. Rc1 {[%clk 0:05:17]} Qc6
{[%clk 0:01:30]} 26. Qa2 {[%clk 0:05:10]} Kb7 {[%clk 0:01:07]} 27. Nb3
{[%clk 0:05:30]} Qc8 {[%clk 0:00:42]} 28. c6+ {[%clk 0:04:12]} Kb6
{[%clk 0:00:46]} 29. Nc5 {[%clk 0:02:59]} Re7 {[%clk 0:00:42]} 30. Ra1
{[%clk 0:01:48]} Ra7 {[%clk 0:01:04]} 31. Nd7+ {[%clk 0:02:01]} Nxd7
{[%clk 0:01:13]} 32. cxd7 {[%clk 0:02:10]} Qc3+ {[%clk 0:00:46]} 33. Kf2
{[%clk 0:01:50]} Qxd4+ {[%clk 0:01:00]} 34. Kg3 {[%clk 0:01:28]} Qe3+
{[%clk 0:00:50]} 35. Kg4 {[%clk 0:00:40]} h5+ {[%clk 0:01:10]} 36. Kg5
{[%clk 0:00:35]} f6+ {[%clk 0:00:55]} 0-1

[Event "V4Liptov2018"]
[Site "?"]
[Date "2018.06.24"]
[Round "3.25"]
[White "Galuszka, Tomasz"]
[Black "Vancura, Jakub"]
[Result "1-0"]
[BlackElo "1737"]
[WhiteElo "1991"]
[LiveChessVersion "1.4.8"]

1. e4 {[%clk 1:00:58]} c5 {[%clk 1:00:53]} 2. Nf3 {[%clk 1:01:22]} e6
{[%clk 1:01:18]} 3. d3 {[%clk 1:01:48]} d5 {[%clk 1:00:38]} 4. Nbd2
{[%clk 1:02:11]} Nc6 {[%clk 1:00:36]} 5. g3 {[%clk 1:02:36]} Nf6 {[%clk 0:59:56]}
6. Bg2 {[%clk 1:03:00]} Be7 {[%clk 0:58:59]} 7. O-O {[%clk 1:03:23]} O-O
{[%clk 0:58:44]} 8. Re1 {[%clk 1:03:32]} Qc7 {[%clk 0:55:51]} 9. c3
{[%clk 1:03:09]} b6 {[%clk 0:53:57]} 10. Qe2 {[%clk 1:02:26]} Bb7
{[%clk 0:50:45]} 11. e5 {[%clk 1:02:40]} Nd7 {[%clk 0:51:00]} 12. Nf1
{[%clk 1:03:01]} Rfd8 {[%clk 0:49:26]} 13. Bf4 {[%clk 0:57:50]} Nf8
{[%clk 0:48:25]} 14. h4 {[%clk 0:57:29]} d4 {[%clk 0:42:33]} 15. c4
{[%clk 0:57:52]} Rab8 {[%clk 0:37:55]} 16. h5 {[%clk 0:58:08]} h6
{[%clk 0:36:59]} 17. N1h2 {[%clk 0:56:45]} Nh7 {[%clk 0:36:44]} 18. Ng4
{[%clk 0:55:25]} Bf8 {[%clk 0:36:40]} 19. Nd2 {[%clk 0:55:09]} Ne7
{[%clk 0:36:08]} 20. Bxb7 {[%clk 0:48:59]} Qxb7 {[%clk 0:35:59]} 21. Ne4
{[%clk 0:49:22]} Nc8 {[%clk 0:32:10]} 22. b3 {[%clk 0:42:45]} Kh8
{[%clk 0:30:04]} 23. Nh2 {[%clk 0:42:43]} Be7 {[%clk 0:29:08]} 24. Nf3
{[%clk 0:43:02]} Qd7 {[%clk 0:28:13]} 25. g4 {[%clk 0:42:25]} Rg8
{[%clk 0:26:24]} 26. Kh2 {[%clk 0:40:14]} Qd8 {[%clk 0:26:04]} 27. Rg1
{[%clk 0:39:32]} Ng5 {[%clk 0:25:36]} 28. Nfxg5 {[%clk 0:37:35]} Bxg5
{[%clk 0:25:23]} 29. Qd2 {[%clk 0:34:10]} Bxf4+ {[%clk 0:23:02]} 30. Qxf4
{[%clk 0:34:32]} Qh4+ {[%clk 0:21:53]} 31. Kg2 {[%clk 0:34:57]} Rb7
{[%clk 0:19:27]} 32. Nf6 {[%clk 0:35:01]} Rf8 {[%clk 0:19:06]} 33. Rh1
{[%clk 0:28:54]} Qg5 {[%clk 0:18:22]} 34. Qxg5 {[%clk 0:28:24]} hxg5
{[%clk 0:18:45]} 35. Ne4 {[%clk 0:28:49]} f6 {[%clk 0:18:23]} 36. h6
{[%clk 0:28:09]} fxe5 {[%clk 0:13:13]} 37. Nxg5 {[%clk 0:26:17]} Re7
{[%clk 0:10:52]} 38. Rae1 {[%clk 0:24:12]} Rf6 {[%clk 0:08:32]} 39. hxg7+
{[%clk 0:23:41]} Kxg7 {[%clk 0:08:52]} 40. Rxe5 {[%clk 0:23:49]} Kg6
{[%clk 0:07:49]} 41. Ne4 {[%clk 0:23:51]} Rf4 {[%clk 0:06:49]} 42. Kg3
{[%clk 0:24:11]} Rf8 {[%clk 0:06:46]} 43. f4 {[%clk 0:24:05]} Kf7
{[%clk 0:05:44]} 44. Ng5+ {[%clk 0:24:13]} Kg6 {[%clk 0:05:05]} 45. Rxe6+
{[%clk 0:23:50]} Rxe6 {[%clk 0:05:28]} 46. Nxe6 {[%clk 0:24:15]} Re8
{[%clk 0:05:14]} 47. f5+ {[%clk 0:24:39]} 1-0

[Event "V4Liptov2018"]
[Site "?"]
[Date "2018.06.24"]
[Round "3.26"]
[White "Oplustil, Pavel"]
[Black "Sulkowski, Dawid"]
[Result "1-0"]
[BlackElo "1501"]
[WhiteElo "1328"]
[LiveChessVersion "1.4.8"]

1. e4 {[%clk 0:58:12]} e5 {[%clk 0:56:45]} 2. Nf3 {[%clk 0:58:34]} Nc6
{[%clk 0:57:03]} 3. d4 {[%clk 0:58:51]} exd4 {[%clk 0:57:25]} 4. Bc4
{[%clk 0:59:03]} Nf6 {[%clk 0:56:39]} 5. e5 {[%clk 0:59:24]} d5 {[%clk 0:54:53]}
6. Bb5 {[%clk 0:59:44]} Nd7 {[%clk 0:48:17]} 7. O-O {[%clk 0:53:59]} Bc5
{[%clk 0:41:14]} 8. Bxc6 {[%clk 0:51:02]} bxc6 {[%clk 0:41:37]} 9. Nxd4
{[%clk 0:51:04]} Bxd4 {[%clk 0:33:59]} 10. Qxd4 {[%clk 0:51:26]} O-O
{[%clk 0:33:54]} 11. Nd2 {[%clk 0:45:19]} Qg5 {[%clk 0:28:07]} 12. f4
{[%clk 0:43:40]} Qf5 {[%clk 0:25:54]} 13. Qc3 {[%clk 0:29:52]} c5
{[%clk 0:20:08]} 14. Nb3 {[%clk 0:23:29]} Ba6 {[%clk 0:18:25]} 15. Rf2
{[%clk 0:22:05]} Bc4 {[%clk 0:12:46]} 16. Na5 {[%clk 0:17:06]} Bb5
{[%clk 0:10:45]} 17. Nb7 {[%clk 0:14:57]} c4 {[%clk 0:04:45]} 18. Qa5
{[%clk 0:14:52]} Bc6 {[%clk 0:02:20]} 19. Qxc7 {[%clk 0:13:35]} Rfc8
{[%clk 0:01:47]} 20. Nd6 {[%clk 0:13:49]} Rxc7 {[%clk 0:01:41]} 21. Nxf5
{[%clk 0:14:12]} Nc5 {[%clk 0:01:40]} 22. Nd6 {[%clk 0:13:46]} Rd8
{[%clk 0:01:16]} 23. Be3 {[%clk 0:13:04]} Nd7 {[%clk 0:00:52]} 24. b3
{[%clk 0:10:30]} Nb6 {[%clk 0:01:11]} 25. Bxb6 axb6 {[%clk 0:01:40]} 26. bxc4
{[%clk 0:11:00]} dxc4 {[%clk 0:02:04]} 27. Nxc4 {[%clk 0:11:12]} Bxg2
{[%clk 0:01:34]} 28. Nxb6 {[%clk 0:10:43]} Be4 {[%clk 0:01:56]} 29. c4
{[%clk 0:09:49]} Rc6 {[%clk 0:01:46]} 30. Re2 {[%clk 0:08:36]} Bf3
{[%clk 0:00:50]} 31. Re3 {[%clk 0:07:40]} Bg4 {[%clk 0:00:44]} 32. Rb3
{[%clk 0:05:44]} Be6 {[%clk 0:00:42]} 33. Rc1 {[%clk 0:05:27]} Rb8
{[%clk 0:00:54]} 34. Na4 {[%clk 0:05:06]} Ra8 {[%clk 0:00:55]} 35. Rb4
{[%clk 0:04:24]} Rca6 {[%clk 0:00:53]} 36. Nc3 {[%clk 0:02:35]} Rc8
{[%clk 0:00:53]} 37. Na4 {[%clk 0:02:03]} Rca8 {[%clk 0:01:18]} 38. Rcb1
{[%clk 0:02:14]} g6 {[%clk 0:01:04]} 39. Rb8+ {[%clk 0:01:43]} Rxb8
{[%clk 0:01:14]} 40. Rxb8+ {[%clk 0:02:09]} Kg7 {[%clk 0:01:41]} 41. Nc5
{[%clk 0:02:32]} Rxa2 {[%clk 0:01:51]} 42. Nxe6+ {[%clk 0:02:55]} fxe6
{[%clk 0:02:18]} 43. Rb7+ {[%clk 0:03:11]} Kg8 {[%clk 0:02:24]} 44. c5
{[%clk 0:03:08]} Rc2 {[%clk 0:02:38]} 45. Rc7 {[%clk 0:03:29]} Rc4
{[%clk 0:02:56]} 46. c6 {[%clk 0:03:19]} Rxf4 {[%clk 0:02:14]} 47. Rd7
{[%clk 0:02:55]} Rc4 {[%clk 0:02:26]} 48. c7 {[%clk 0:03:15]} Rc1+
{[%clk 0:02:28]} 49. Kg2 {[%clk 0:03:25]} Rc2+ {[%clk 0:02:39]} 50. Kg3
{[%clk 0:03:47]} Rc3+ {[%clk 0:02:56]} 51. Kg4 {[%clk 0:03:50]} Rc4+
{[%clk 0:03:25]} 52. Kg5 {[%clk 0:04:02]} h6+ {[%clk 0:03:13]} 53. Kxg6
{[%clk 0:04:14]} Rg4+ {[%clk 0:03:35]} 54. Kxh6 {[%clk 0:04:20]} Rh4+
{[%clk 0:03:53]} 55. Kg5 {[%clk 0:04:42]} Rc4 {[%clk 0:03:05]} 56. Rd8+
{[%clk 0:04:57]} Kg7 {[%clk 0:03:24]} 57. c8=Q {[%clk 0:05:15]} Rxc8
{[%clk 0:03:39]} 58. Rxc8 {[%clk 0:05:42]} 1-0

[Event "V4Liptov2018"]
[Site "?"]
[Date "2018.06.24"]
[Round "3.29"]
[White "Pogadl, Jakub"]
[Black "Postanogov, Dmitrii"]
[Result "0-1"]
[BlackElo "1743"]
[WhiteElo "1647"]
[LiveChessVersion "1.4.8"]

1. c4 {[%clk 1:00:51]} c6 {[%clk 1:00:55]} 2. g3 {[%clk 1:01:05]} d5
{[%clk 1:01:11]} 3. Bg2 {[%clk 1:00:23]} Nf6 {[%clk 1:01:07]} 4. b3
{[%clk 0:58:08]} Bf5 {[%clk 0:58:28]} 5. Nc3 {[%clk 0:57:14]} d4 {[%clk 0:53:03]}
6. Na4 {[%clk 0:50:35]} e5 {[%clk 0:47:20]} 7. d3 {[%clk 0:49:24]} Bd6
{[%clk 0:40:40]} 8. c5 {[%clk 0:46:38]} Bc7 {[%clk 0:40:58]} 9. b4
{[%clk 0:45:19]} Qe7 {[%clk 0:38:23]} 10. Nf3 {[%clk 0:42:20]} O-O
{[%clk 0:33:17]} 11. O-O {[%clk 0:42:22]} h6 {[%clk 0:33:07]} 12. Nb2
{[%clk 0:41:27]} a5 {[%clk 0:32:57]} 13. Bd2 {[%clk 0:36:14]} axb4
{[%clk 0:29:08]} 14. Bxb4 {[%clk 0:36:31]} Be6 {[%clk 0:29:32]} 15. a3
{[%clk 0:29:47]} Nbd7 {[%clk 0:29:41]} 16. Qc2 {[%clk 0:28:03]} Nd5
{[%clk 0:25:36]} 17. Nd2 {[%clk 0:22:50]} f5 {[%clk 0:25:30]} 18. Rfe1
{[%clk 0:19:52]} N7f6 {[%clk 0:25:38]} 19. e4 {[%clk 0:16:55]} dxe3
{[%clk 0:25:50]} 20. fxe3 {[%clk 0:17:16]} Nxb4 {[%clk 0:26:10]} 21. axb4
{[%clk 0:17:31]} Rxa1 {[%clk 0:26:34]} 22. Rxa1 {[%clk 0:17:44]} Nd5
{[%clk 0:26:52]} 23. Bxd5 {[%clk 0:15:41]} Bxd5 {[%clk 0:26:26]} 24. Nbc4
{[%clk 0:14:41]} f4 {[%clk 0:21:08]} 25. Nf1 {[%clk 0:11:34]} g5 {[%clk 0:15:00]}
26. Ra7 {[%clk 0:08:44]} Bb8 {[%clk 0:15:05]} 27. Ra8 {[%clk 0:09:09]} e4
{[%clk 0:13:43]} 28. d4 {[%clk 0:08:39]} fxg3 {[%clk 0:11:17]} 29. Nxg3
{[%clk 0:08:28]} Bxg3 {[%clk 0:11:42]} 30. Rxf8+ {[%clk 0:08:43]} Qxf8
{[%clk 0:12:08]} 31. hxg3 {[%clk 0:08:54]} Qf3 {[%clk 0:12:33]} 32. Kh2
{[%clk 0:06:58]} Qh5+ {[%clk 0:12:55]} 33. Kg2 {[%clk 0:07:05]} g4
{[%clk 0:12:45]} 34. Kg1 {[%clk 0:05:46]} Qh3 {[%clk 0:13:10]} 35. Ne5
{[%clk 0:04:50]} Qxg3+ {[%clk 0:13:31]} 36. Kf1 {[%clk 0:05:08]} Qxe3
{[%clk 0:12:32]} 37. Nxg4 {[%clk 0:05:30]} Qf4+ {[%clk 0:13:00]} 38. Nf2
{[%clk 0:05:46]} e3 {[%clk 0:13:26]} 39. Qg6+ {[%clk 0:05:58]} Kf8
{[%clk 0:13:52]} 40. Qd6+ {[%clk 0:05:13]} Qxd6 {[%clk 0:14:16]} 41. cxd6
{[%clk 0:05:32]} exf2 {[%clk 0:14:43]} 42. Kxf2 {[%clk 0:05:48]} Ke8
{[%clk 0:15:08]} 0-1

[Event "V4Liptov2018"]
[Site "?"]
[Date "2018.06.24"]
[Round "3.30"]
[White "Sorokin, Artem"]
[Black "Taragel, Marian"]
[Result "1-0"]
[BlackElo "1609"]
[WhiteElo "1592"]
[LiveChessVersion "1.4.8"]

1. e4 {[%clk 1:00:57]} e5 {[%clk 0:59:35]} 2. Nf3 {[%clk 1:01:20]} Nc6
{[%clk 0:59:36]} 3. d4 {[%clk 1:01:44]} exd4 {[%clk 0:59:36]} 4. Nxd4
{[%clk 1:02:10]} Bc5 {[%clk 0:58:48]} 5. Be3 {[%clk 1:02:34]} Qf6
{[%clk 0:58:04]} 6. c3 {[%clk 1:02:57]} Nge7 {[%clk 0:56:40]} 7. Bc4
{[%clk 1:03:20]} Ne5 {[%clk 0:53:05]} 8. Be2 {[%clk 1:03:44]} O-O
{[%clk 0:48:13]} 9. O-O {[%clk 0:59:13]} Qg6 {[%clk 0:42:23]} 10. Nd2
{[%clk 0:57:01]} d5 {[%clk 0:38:16]} 11. Bh5 {[%clk 0:54:32]} Qb6
{[%clk 0:36:55]} 12. b4 {[%clk 0:53:36]} Bxd4 {[%clk 0:33:47]} 13. Bxd4
{[%clk 0:53:56]} Qd6 {[%clk 0:32:21]} 14. f4 {[%clk 0:37:01]} N5c6
{[%clk 0:30:45]} 15. Bc5 {[%clk 0:36:26]} Qd7 {[%clk 0:25:43]} 16. b5
{[%clk 0:18:46]} Nd8 {[%clk 0:24:01]} 17. a4 {[%clk 0:17:09]} b6 {[%clk 0:22:10]}
18. Ba3 {[%clk 0:13:44]} Bb7 {[%clk 0:19:49]} 19. Bg4 {[%clk 0:13:12]} Qe8
{[%clk 0:19:13]} 20. exd5 {[%clk 0:12:35]} Bxd5 {[%clk 0:17:54]} 21. Re1
{[%clk 0:12:07]} Ne6 {[%clk 0:16:07]} 22. f5 {[%clk 0:11:35]} Nc5
{[%clk 0:15:04]} 23. c4 {[%clk 0:11:25]} Bb7 {[%clk 0:13:26]} 24. Qe2
{[%clk 0:11:33]} Rd8 {[%clk 0:09:36]} 25. Bxc5 {[%clk 0:05:19]} bxc5
{[%clk 0:09:35]} 26. Nb3 {[%clk 0:05:11]} Nc8 {[%clk 0:09:21]} 27. Qf2
{[%clk 0:05:30]} Ne7 {[%clk 0:07:56]} 28. Nxc5 {[%clk 0:04:04]} Ba8
{[%clk 0:08:02]} 29. f6 {[%clk 0:03:23]} gxf6 {[%clk 0:07:37]} 30. Qxf6
{[%clk 0:03:41]} Rd2 {[%clk 0:07:10]} 31. Qg5+ {[%clk 0:04:05]} 1-0